000 01528nam a2200229 a 4500
001 BRCA_8645
005 20190320210344.0
008 041016s1885----fr-a######---#000-0#fre-#
041 _aspa
044 _asp
084 _aBE37
_b.O85 1718
100 1 _aOviedo, Juan Antonio de (S.I.)
_d1670-1757
_921576
245 1 0 _aPanegyricos sagrados, para gloria y alabanza de Dios, y de su Madre Santisima, y de los Santos
_bparte segunda, que dedica al grande apóstol del oriente San Francisco Xavier.
260 _aMadrid
_bpor Francisco del Hierro
_c1718
300 _a395 p. (t.2)
_c19.7 x 15 cm.
500 _aCon marca de fuego: ´Procedencia de la marca: Oratorio de San Felipe Neri de Querétaro. Institución: Congregación del Oratorio de San Felipe Neri (Oratorianos). Descripción: Monograma compuesto por las iniciales: ´O´, ´R´, ´A´, ´T´, ´R´, ´I´ y en el fuste de la ´T´ otra ´o´ que se desata como Oratorio. Observaciones: A falta de un testimonio de pertenencia se hace la atribución de la marca en función a la realizada por David Saavedra Vega. Ubicación de la marca en el libro: Canto superior´
500 _aEstado físico: lomo y primera hoja desprendidos, con hojas manchadas y algunas rotas, y cintas rotas
650 1 4 _aSermones españoles
_yObras anteriores a 1800
_921577
856 _ahttp://www.marcasdefuego.buap.mx:8180/xmLibris/projects/firebrand/item.jsp?repository=marcas_de_fuego&key=marcas_de_fuego_oratorianas_20131206141204_98e1.xml&num=3
902 _aCFM
942 _2lcc
_cB
999 _c8305
_d8305